|
|
|
|
| LEADER |
00571nam a22001577a 4500 |
| 020 |
|
|
|a 81-259-0773-4
|
| 082 |
|
|
|a 658.8
|b RAJ/M
|
| 100 |
|
|
|a Rajagopal
|9 168213
|
| 245 |
|
|
|a Marketing Management Text and cases
|
| 260 |
|
|
|a New Delhi
|b Vikas Publishing House
|c 2000
|
| 300 |
|
|
|a xvii+299p.
|
| 650 |
|
|
|a Management
|9 168214
|
| 650 |
|
|
|a Marketing--Management
|9 168215
|
| 942 |
|
|
|c BK
|
| 999 |
|
|
|c 187552
|d 187548
|
| 952 |
|
|
|0 0
|1 0
|4 0
|6 658_800000000000000_RAJ_M
|7 0
|8 NFIC
|9 186775
|a SMBS
|b SMBS
|c GEN
|d 2015-06-29
|g 225.00
|l 2
|o 658.8 RAJ/M
|p SMBS2352
|q 2020-12-07
|r 2020-11-16
|s 2020-11-16
|w 2015-06-29
|y BK
|